00000000nam##2200000za#4500
0019.546423
003CaOODSP
00520210615091627
007ta
008150406|2008||||xxc|||||     f|0| 0 fre|d
022 |a0706-6473
040 |aCaOODSP|bfre
041 |aeng
041 |afre
043 |an-cn---
0861 |aFs97-4/2853
1101 |aCanada. |bMinistère des pêches et des océans.
24510|aCompte rendu d'atelier national. Développement d'outils pour la gestion intégrée en zone côtière / |c[par] Matthew Hardy et Roland Cormier.
260 |bPêches et Océans Canada |cc2008.
300 |aiv, 19p. : |bfigures (certaines en couleur), références ; |c28 cm.
4901 |aRapport manuscrit canadien des sciences halieutiques et aquatiques|x0706-6473|v№ 2853
500 |aLe n° de catalogue (Fs97-4/2853E) imprimé dans cette publication est incorrect. « Gestion des océans et de l'habitat, Pêches et Océans Canada, 343 avenue Université, C.P. 5030, Moncton, N-B, E1C 9B6 ».
563 |aCouverture souple
590 |a08-31|b2008-08-01
7201 |aHardy, Matthew
7201 |aCormier, Roland
7760#|tNational Workshop Proceedings. Development of Coastal Tools for Integrated Management / |w(CaOODSP)9.590199
791 |tNational workshop proceedings. Development of Coastal Tools for Integrated Management / |eeng|w(CaOODSP)9.546422
830#0|aRapport manuscrit canadien des sciences halieutiques et aquatiques,|x0706-6473|v№ 2853|w(CaOODSP)9.509371